000 00487nam a2200157 i 4500
001 bg
100 1 _aKLAWE, Andrzej J.
245 0 _aZarys międynarodowych stosunków ekonomicznych /
_cAndrzej J. Klawe, Antoni Makać.
260 _aWarszawa,
_c1978.
700 1 _aMAKAĆ, Antoni
040 _cBPK
041 _apol
942 _cKS
008 s pl f |000 0 pol
856 _uhttp://koha.tu.koszalin.pl/cgi-bin/koha/opac-detail.pl?biblionumber=9700
_yKatalog online BPK
999 _c9700
_d9700